000 00633nam a2200241Ia 4500
003 OSt
005 20221007070835.0
006 a|||||r|||| 00| 0
007 ta
008 221006b |||||||| |||| 00| 0 eng d
020 _cRs.20/-
024 _a12,428
037 _cTextual
040 _aFLL
_cFLL
_beng
041 _2eng
_aeng
082 _aV2:258Y8:9Z, K9
100 _aMasodar B.A. Au.
_9687799
245 0 _aLaw of meetings in india
260 _aIndore
_bLawyers home India
_c1969
300 _a296p
_ccm.
942 _hV2:258Y8:9Z, K9
_cTEXL
_2CC
999 _c1141689
_d1141689